| 000 | 00378nam a22001331a 4500 | ||
|---|---|---|---|
| 020 | _a9788120713970 | ||
| 082 |
_aE3 CHO SAL _bN93 |
||
| 100 | _aPrem N Chopra | ||
| 245 |
_aSalaam New York: _ba powerful and absorbing drama of Indian's living in New York/ _cby Prem N Chopra |
||
| 260 |
_aNew Delhi: _bSterling, _c1993. |
||
| 300 | _a170p. | ||
| 650 | _aNovel English | ||
| 942 | _cBK | ||
| 999 |
_c39432 _d39432 |
||